najpopularniejsze piosenki young leosi - Statystyki

Ogólne statystyki
  • Ten quiz został rozwiązany 62 razy
  • Średni wynik to 4 z 10
Statystyki odpowiedzi
Hint Odpowiedź % Poprawnych
38 mln szklanki
98%
40 mln jungle girl
86%
6 mln stonerki
54%
18 mln baila ela
53%
4 mln wyspy
44%
19 mln ulala
25%
3,4 mln Rok tygrysa
21%
2,6 mln Cicho
7%
2,1 mln hot16
5%
1,5 mln wyspa nadzei
0%
Nie znaleziono quizów pasujących do podanych kryteriów
Rozkład punktacji
Procent ludzi z każdym wynikiem
Percentyl według liczby udzielonych odpowiedzi
Twoja historia wyników
Nie rozwiązałeś tego quizu